000 00579nam a2200229Ia 4500
003 OSt
005 20221005131601.0
006 a|||||r|||| 00| 0
007 ta
008 221004b |||||||| |||| 00| 0 kan d
024 _a59072
037 _cTextual
040 _aCRL
_cCRL
_bkan
041 _2kan
_akan
082 _aDelta42:87x6,1, 33M3
100 _aBadarayanamurti
_9639839
245 0 _aSrichaker
260 _c1983
650 _aSPIRITUALISM
942 _hDelta42:87x6,1, 33M3
_cTEXL
_2cc
999 _c1060798
_d1060798